Towards an energy efficient European building stock (Record no. 107751)
[ view plain ]
| 000 -LEADER | |
|---|---|
| fixed length control field | 01797cad a22002415a 4500 |
| 001 - CONTROL NUMBER | |
| control field | L141739 |
| 008 - FIXED-LENGTH DATA ELEMENTS--GENERAL INFORMATION | |
| fixed length control field | 071217s2007 xxk f 000 0 eng d |
| 035 ## - SYSTEM CONTROL NUMBER | |
| System control number | (Sirsi) u141739 |
| 041 0# - LANGUAGE CODE | |
| Language code of text/sound track or separate title | eng |
| 050 04 - LIBRARY OF CONGRESS CALL NUMBER | |
| Classification number | 692.2 $2 18 |
| 110 2# - MAIN ENTRY--CORPORATE NAME | |
| Corporate name or jurisdiction name as entry element | Royal Institution of Chartered Surveyors |
| 9 (RLIN) | 4900 |
| 245 00 - TITLE STATEMENT | |
| Title | Towards an energy efficient European building stock |
| Remainder of title | an RICS status report on the implementation of Directive 2002/91 on the Energy Performance of Buildings (EPBD) in the EU member states |
| Medium | [electronic resource] |
| 260 ## - PUBLICATION, DISTRIBUTION, ETC. | |
| Place of publication, distribution, etc. | London |
| Name of publisher, distributor, etc. | RICS |
| Date of publication, distribution, etc. | 2007 |
| 520 ## - SUMMARY, ETC. | |
| Summary, etc. | Reviews the implementation of Directive 2002/91/EC in the individual EU member states. For each member state, looks at: adoption and methodology (Art 3); setting of energy performance requirements (Arts 4-6); certification of energy performance of buildings (Art 7); boiler and A/C inspections (Arts 8 and 9); and training of independent experts (Art 10). Reveals most member states have found implementing the directive a significant challenge, with only five full implementations and 20 infringement procedures at the time of publication. Countries such as Denmark, Germany and the Netherlands that already had energy saving measures set up generally found it easier to transform these into the new requirements. Conversely, some of the new member states have struggled due to their inefficient prefabricated building stock. |
| 521 2# - TARGET AUDIENCE NOTE | |
| Target audience note | Advanced |
| 590 ## - LOCAL NOTE (RLIN) | |
| Local note | KA |
| 650 24 - SUBJECT ADDED ENTRY--TOPICAL TERM | |
| Topical term or geographic name entry element | DIRECTIVE 2002/91/EC |
| 650 24 - SUBJECT ADDED ENTRY--TOPICAL TERM | |
| Topical term or geographic name entry element | RESIDENTIAL ENERGY PERFORMANCE CERTIFICATES |
| 651 #4 - SUBJECT ADDED ENTRY--GEOGRAPHIC NAME | |
| Geographic name | European Union |
| 690 ## - LOCAL SUBJECT ADDED ENTRY--TOPICAL TERM (OCLC, RLIN) | |
| Topical term or geographic name as entry element | ENVIRONMENTAL AND LAND CONSULTANCY-ENERGY-ENERGY USE-ENERGY EFFICIENCY |
| 856 40 - ELECTRONIC LOCATION AND ACCESS | |
| Uniform Resource Identifier | <a href="https://www.rics.org/site/download_feed.aspx?fileID=5311&fileExtension=PDF">https://www.rics.org/site/download_feed.aspx?fileID=5311&fileExtension=PDF</a> |
| Public note | View the report free of charge at www.rics.org... |
| 942 ## - ADDED ENTRY ELEMENTS (KOHA) | |
| Suppress in OPAC | 0 |
| Withdrawn status | Lost status | Source of classification or shelving scheme | Damaged status | Not for loan | Home library | Current library | Shelving location | Date acquired | Total Checkouts | Full call number | Barcode | Date last seen | Copy number | Price effective from | Koha item type |
|---|---|---|---|---|---|---|---|---|---|---|---|---|---|---|---|
| Dewey Decimal Classification | Virtual | Virtual | Online | 17/12/2007 | ONLINE PUBLICATION | 141739-2001 | 06/08/2019 | 1 | 06/08/2019 | Book |